| 000 | 00553nam a2200193 a 4500 | ||
|---|---|---|---|
| 005 | 20221101063528.0 | ||
| 008 | 991125s1991 mx 000 0 spa u | ||
| 020 | _a9688451258 | ||
| 035 | _aUPN01000011642 | ||
| 049 | _aCG | ||
| 050 | 4 |
_aJ370 _bC3.2 |
|
| 100 | 1 | _aCárdenas Gracia, Jaime Fernando | |
| 245 | 1 | 3 |
_aEl contractualismo y su proyección jurídico-política / _cJaime F. Cárdenas Gracia. |
| 260 |
_aMéxico : _bUAQ, _c1991. |
||
| 300 | _a199 p. | ||
| 440 | 0 |
_aDerecho. _pHumanidades |
|
| 650 | 2 |
_aPolítica social _91450 |
|
| 905 | _aLibro | ||
| 999 |
_c11642 _d11642 |
||